Front runner (Record no. 240681)
[ view plain ]
| 000 -LEADER | |
|---|---|
| fixed length control field | 01649nam a22002177a 4500 |
| 005 - DATE AND TIME OF LATEST TRANSACTION | |
| control field | 20251107091010.0 |
| 008 - FIXED-LENGTH DATA ELEMENTS--GENERAL INFORMATION | |
| fixed length control field | 251107b |||||||| |||| 00| 0 eng d |
| 020 ## - INTERNATIONAL STANDARD BOOK NUMBER | |
| International Standard Book Number | 9781398539419 |
| 040 ## - CATALOGING SOURCE | |
| Transcribing agency | AL |
| 041 ## - LANGUAGE CODE | |
| Language code of text/sound track or separate title | eng |
| 082 ## - DEWEY DECIMAL CLASSIFICATION NUMBER | |
| Classification number | 823.914 |
| Item number | SILF |
| 100 ## - MAIN ENTRY--PERSONAL NAME | |
| Personal name | Elsie Silver |
| 100 ## - MAIN ENTRY--PERSONAL NAME | |
| 9 (RLIN) | 244488 |
| 245 ## - TITLE STATEMENT | |
| Title | Front runner |
| 260 ## - PUBLICATION, DISTRIBUTION, ETC. | |
| Place of publication, distribution, etc. | London |
| Name of publisher, distributor, etc. | Simon and Schuster |
| Date of publication, distribution, etc. | 2024 |
| 300 ## - PHYSICAL DESCRIPTION | |
| Extent | 324p. |
| Other physical details | PB |
| Dimensions | 20x13cm |
| 365 ## - TRADE PRICE | |
| Source of price type code | English |
| Price type code | 4241 |
| Price amount | ₹399.20 |
| Currency code | ₹ |
| Unit of pricing | ₹499.00 |
| Price note | 20% |
| Price effective from | 25-10-2025 |
| 520 ## - SUMMARY, ETC. | |
| Summary, etc. | Stefan Dalca is infuriatingly handsome. And annoyingly persistent. We’re supposed to hate each other. But apparently he didn’t get the memo, because he’s been asking me out for years.<br/>And I always say no. Until today.<br/>Today he has something that I desperately need. Today he’s a savior, and I’m his prize.<br/>Our time together starts out as a simple transaction. Three dates. No touching. No telling anyone. And definitely no falling in love.<br/>But with every intimate conversation, and each stolen glance, the tension between us builds.<br/>The way he looks at me gives me butterflies. And when he finally touches me? We sizzle.<br/>Stefan makes me feel seen in a way no other person has before. He cherishes my words as passionately as my body.<br/>He makes me laugh. He makes me blush. He calls me kitten.<br/>He’s not the villain he’s been made out to be.<br/>And suddenly I find myself longing for him in a way the people closest to me wouldn’t approve of or understand.<br/>Giving in to Stefan Dalca is playing with fire.<br/>But with him I don’t even mind the heat. |
| 650 ## - SUBJECT ADDED ENTRY--TOPICAL TERM | |
| Topical term or geographic name entry element | English Fiction |
| 9 (RLIN) | 244489 |
| 650 ## - SUBJECT ADDED ENTRY--TOPICAL TERM | |
| Topical term or geographic name entry element | English Novel |
| 9 (RLIN) | 244490 |
| 942 ## - ADDED ENTRY ELEMENTS (KOHA) | |
| Source of classification or shelving scheme | Dewey Decimal Classification |
| Koha item type | Book |
| Withdrawn status | Lost status | Source of classification or shelving scheme | Damaged status | Not for loan | Collection code | Home library | Current library | Shelving location | Date acquired | Source of acquisition | Cost, normal purchase price | Total Checkouts | Full call number | Barcode | Date last seen | Cost, replacement price | Price effective from | Koha item type |
|---|---|---|---|---|---|---|---|---|---|---|---|---|---|---|---|---|---|---|
| Dewey Decimal Classification | English | St Aloysius Library | St Aloysius Library | Stack Section | 10/25/2025 | Biblios Book Point, Surathkal, Mangalore-575014 | 399.20 | 823.914 SILF | 077989 | 11/07/2025 | 499.00 | 10/25/2025 | Book |